Statistiques concernant L'Allemagne en différentes langues

Cliquez ici pour prendre le quiz!

Statistiques générales

  • Ce quiz a été pris 77 fois
  • Le résultat moyen est 9 sur 14

Statistiques - réponses

Allemagne..dans cette langue% Correct
DeutschlandAllemand
97%
GermanyAnglais
97%
ГерманияBulgare, russe
88%
AlemaniaEspanol
84%
ドイツJaponais
77%
GermaniaGrec, italien, roumain
73%
독일Coréen
70%
DuitslandNéerlandais
67%
nước ĐứcVietnamien
52%
TysklandDanois, norvégien, suedois
49%
NémetországHongrois
48%
NiemcyPolonais
40%
SaksaFinnois
38%
VokietijaLituanien
22%

Distribution des résultats

Percentile par nombre de réponses

% des personnes avec chaque résultat

Votre développement - résultats

Vous n’avez pas pris ce quiz